Équipe de France Féminin - JO 2024 - Statistiques

Statistiques générales
  • Ce quiz a été pris 9 fois
  • Le résultat moyen est 12 sur 13
Statistiques - réponses
Hint Réponse % Correct
12 Gabby Williams
100%
10 Iliana Rupert
100%
7 Leila Lacan
100%
5 Marine Fauthoux
100%
6 Marine Johannès
100%
4 Alexia Chery
86%
11 Janelle Salaün
86%
coach Jean-aimé Toupan
86%
2 Marième Badiane
86%
3 Roman Bernies
86%
1 Valerian Ayayi
86%
8 Dominique Malonga
71%
9 Sarah Michel Boury
71%
Aucun quiz correspondant
Distribution des résultats
% des personnes avec chaque résultat
Percentile par nombre de réponses
Votre historique - résultats
Vous n’avez pas pris ce quiz